[Event "Belgrade Serbia op"]
[Site "Belgrade"]
[Date "2023.07.20"]
[Round "5"]
[White "Avila Pavas, Santiago"]
[Black "Sadhwani, Raunak"]
[Result "0-1"]
[WhiteElo "2499"]
[BlackElo "2608"]
[PlyCount "84"]
[EventDate "2023.07.16"]
[EventType "swiss"]
[EventRounds "9"]
[EventCountry "SRB"]
[SourceTitle "CBM 215 Extra"]
[Source "ChessBase"]
[SourceDate "2023.09.30"]
[SourceVersion "1"]
[SourceVersionDate "2023.09.30"]
[SourceQuality "1"]

1. e4 c5 2. Nf3 Nc6 3. d4 cxd4 4. Nxd4 e6 5. Nc3 a6 6. Be3 Nf6 7. a3 Qc7 8. f4 d6 9. Qf3 e5 10. Nb3 exf4 11. Qxf4 Be7 12. Be2 Be6 13. Nc5 0-0 14. Qg3 Ne5 15. Nxe6 fxe6 16. Qh3 Qc8 17. 0-0-0 b5 18. g4 Rb8 19. g5 Ne8 20. Rhf1 Nc7 21. Rxf8+ Qxf8 22. Qg3 a5 23. Bf4 Nf7 24. h4 g6 25. Nb1 Qe8 26. Qc3 Qc8 27. Qxa5 b4 28. axb4 Ra8 29. Qb6 Rb8 30. Qa7 Rxb4 31. Nc3 Bf8 32. Bg3 Rb7 33. Qa2 Qb8 34. Rd4 h6 35. h5 Bg7 36. e5 d5 37. hxg6 Nxe5 38. gxh6 Bxh6+ 39. Bf4 Ra7 40. Qb1 Bxf4+ 41. Rxf4 Qa8 42. Rb4 Nc6 0-1

[Event "Titled Tuesday intern op 20th Jun Late"]
[Site "Chess.com INT"]
[Date "2023.06.20"]
[Round "2"]
[White "Avila Pavas, Santiago"]
[Black "Leenhouts, Koen"]
[Result "0-1"]
[WhiteElo "2499"]
[BlackElo "2446"]
[PlyCount "112"]
[EventDate "2023.06.20"]
[EventType "swiss (blitz)"]
[EventRounds "11"]
[EventCountry "USA"]
[SourceTitle "EXT 2024"]
[Source "ChessBase"]
[SourceDate "2023.10.10"]
[SourceVersion "1"]
[SourceVersionDate "2023.10.10"]
[SourceQuality "1"]

1. d4 d5 2. Nf3 Nf6 3. Bg5 Nbd7 4. Nbd2 h6 5. Bh4 e6 6. e3 Be7 7. Bd3 b6 8. Qe2 Bb7 9. e4 dxe4 10. Nxe4 Nxe4 11. Bxe4 Bxe4 12. Qxe4 Bxh4 13. Nxh4 0-0 14. 0-0-0 Nf6 15. Qe2 Qd5 16. Kb1 Rfd8 17. Nf3 Qe4 18. Rhe1 Qxe2 19. Rxe2 Rd6 20. Red2 Rad8 21. c3 Ne4 22. Re2 Nf6 23. Rde1 Nd5 24. g3 Ne7 25. Kc2 g5 26. a4 Kg7 27. a5 b5 28. Ne5 a6 29. Nd3 Nc6 30. b4 Nb8 31. Nc5 Rc6 32. f4 g4 33. Rd2 Nd7 34. d5 exd5 35. Rxd5 Rd6 36. Rxd6 cxd6 37. Nxa6 Rc8 38. Re7 Nf6 39. Rc7 Re8 40. Rc6 Re2+ 41. Kb3 Ne4 42. Nc7 Nd2+ 43. Kc2 Nc4+ 44. Kd1 Rxh2 45. Nxb5 Ne3+ 46. Kc1 h5 47. a6 h4 48. a7 Ra2 49. Kb1 Rxa7 50. Nxa7 hxg3 51. Rxd6 g2 52. Nc6 g1Q+ 53. Ka2 Nc4 54. Rd4 Qg2+ 55. Kb3 Qxc6 56. Rxc4 Qd5 0-1

[Event "American Continental 17th"]
[Site "Juan Dolio"]
[Date "2023.05.23"]
[Round "11"]
[White "Avila Pavas, Santiago"]
[Black "Sarkar, Justin"]
[Result "0-1"]
[WhiteElo "2522"]
[BlackElo "2309"]
[PlyCount "122"]
[EventDate "2023.05.15"]
[EventType "swiss"]
[EventRounds "11"]
[EventCountry "DOM"]
[SourceTitle "CBM 214 Extra"]
[Source "ChessBase"]
[SourceDate "2023.07.31"]
[SourceVersion "1"]
[SourceVersionDate "2023.07.31"]
[SourceQuality "1"]

1. e4 c5 2. Nf3 d6 3. d4 cxd4 4. Nxd4 Nf6 5. Nc3 a6 6. Be3 e5 7. Nb3 Be6 8. f3 h5 9. Qd2 Nbd7 10. a4 Rc8 11. a5 Be7 12. Be2 g6 13. 0-0 Kf8 14. Nd5 Bxd5 15. exd5 Kg7 16. c4 h4 17. f4 Ne4 18. Qc2 f5 19. Bf3 Ndf6 20. Rfd1 Qd7 21. Rac1 Rhe8 22. fxe5 dxe5 23. c5 Nxd5 24. Bxe4 fxe4 25. Qxe4 Rcd8 26. Bf2 Qf5 27. Re1 Nf4 28. Qxf5 gxf5 29. Rxe5 Nd3 30. Rxe7+ Rxe7 31. Rd1 Red7 32. Bxh4 Nxb2 33. Rf1 Re8 34. Rxf5 Rd1+ 35. Rf1 Rxf1+ 36. Kxf1 Nd3 37. Bg3 Re4 38. Nd2 Ra4 39. Bc7 Nxc5 40. Ke2 Ne6 41. Bb6 Nf4+ 42. Kf3 Nd5 43. Bd8 Kf7 44. Ne4 Ke8 45. Bg5 Rxa5 46. h4 Ra3+ 47. Kg4 a5 48. h5 Kf7 49. Kf5 Ne3+ 50. Ke5 Nxg2 51. Nd6+ Kg8 52. Nxb7 a4 53. Nc5 Rg3 54. Bf6 a3 55. Ke6 Nf4+ 56. Kf5 Nxh5 57. Be5 Re3 58. Bd4 a2 59. Kg5 Ng7 60. Kg4 Re1 61. Nb3 Re4+ 0-1

[Event "American Continental 17th"]
[Site "Juan Dolio"]
[Date "2023.05.21"]
[Round "9"]
[White "Avila Pavas, Santiago"]
[Black "Corrales Jimenez, Fidel"]
[Result "0-1"]
[WhiteElo "2522"]
[BlackElo "2489"]
[PlyCount "118"]
[EventDate "2023.05.15"]
[EventType "swiss"]
[EventRounds "11"]
[EventCountry "DOM"]
[SourceTitle "CBM 214 Extra"]
[Source "ChessBase"]
[SourceDate "2023.07.31"]
[SourceVersion "1"]
[SourceVersionDate "2023.07.31"]
[SourceQuality "1"]

1. e4 c5 2. Nf3 d6 3. d4 cxd4 4. Nxd4 Nf6 5. Nc3 a6 6. Be3 e5 7. Nb3 Be6 8. f3 Be7 9. Qd2 0-0 10. 0-0-0 Nbd7 11. g4 b5 12. g5 Nh5 13. Kb1 Nb6 14. Na5 Qc7 15. a3 g6 16. h4 Rab8 17. Nd5 Nxd5 18. exd5 Bxd5 19. Qxd5 Qxa5 20. Bc4 Qc7 21. Bb3 a5 22. Qd2 Rfd8 23. Bd5 Bf8 24. Qf2 Rd7 25. f4 exf4 26. Bxf4 Bg7 27. Rh3 b4 28. a4 Nxf4 29. Qxf4 Re8 30. h5 Re5 31. Bb3 Rf5 32. Qh4 Qc5 33. hxg6 hxg6 34. Re1 Re5 35. Reh1 Kf8 36. Qg4 Rc7 37. Rh8+ Bxh8 38. Rxh8+ Kg7 39. Qh4 Qg1+ 40. Ka2 Qxg5 41. Qh7+ Kf6 42. Rc8 Rce7 43. Qh8+ Kf5 44. Qh3+ Qg4 45. Qd3+ Kg5 46. Qd2+ Qf4 47. Qxd6 Re1 48. Qd5+ Kh6 49. Qg2 Kg7 50. Qa8 Qf1 51. Rg8+ Kf6 52. Qc6+ Kg5 53. Qd5+ R7e5 54. Qd2+ R5e3 55. Qd8+ Kg4 56. Qd7+ Kg3 57. Qd6+ Re5 58. Bd5 Ra1+ 59. Kb3 Qf4 0-1

[Event "American Continental 17th"]
[Site "Juan Dolio"]
[Date "2023.05.19"]
[Round "6"]
[White "Avila Pavas, Santiago"]
[Black "Cori Tello, Deysi Estella"]
[Result "1-0"]
[WhiteElo "2522"]
[BlackElo "2362"]
[PlyCount "71"]
[EventDate "2023.05.15"]
[EventType "swiss"]
[EventRounds "11"]
[EventCountry "DOM"]
[SourceTitle "CBM 214 Extra"]
[Source "ChessBase"]
[SourceDate "2023.07.31"]
[SourceVersion "1"]
[SourceVersionDate "2023.07.31"]
[SourceQuality "1"]

1. e4 g6 2. d4 Bg7 3. Nc3 a6 4. Be3 d6 5. Qd2 b5 6. h4 h6 7. f3 Nd7 8. 0-0-0 Bb7 9. g4 Rc8 10. Nh3 b4 11. Na4 c5 12. b3 Qa5 13. Kb1 c4 14. d5 c3 15. Qc1 Qc7 16. g5 h5 17. Nf4 Rb8 18. Ne2 e5 19. dxe6 fxe6 20. Nf4 Kf7 21. Bc4 Re8 22. Rhf1 Ne5 23. Bxe6+ Rxe6 24. Nxe6 Kxe6 25. f4 Ng4 26. f5+ Kf7 27. f6 Bf8 28. Rd4 a5 29. Bf4 Rh7 30. Rfd1 Nf2 31. Re1 Ke6 32. Qe3 Ng4 33. Qd3 Rd7 34. e5 dxe5 35. Bxe5 Nxe5 36. Rxd7 1-0

[Event "American Continental 17th"]
[Site "Juan Dolio"]
[Date "2023.05.19"]
[Round "7"]
[White "Avila Pavas, Santiago"]
[Black "Kaidanov, Gregory S"]
[Result "1-0"]
[WhiteElo "2522"]
[BlackElo "2559"]
[PlyCount "139"]
[EventDate "2023.05.15"]
[EventType "swiss"]
[EventRounds "11"]
[EventCountry "DOM"]
[SourceTitle "CBM 214 Extra"]
[Source "ChessBase"]
[SourceDate "2023.07.31"]
[SourceVersion "1"]
[SourceVersionDate "2023.07.31"]
[SourceQuality "1"]

1. e4 e5 2. Nf3 Nc6 3. Bb5 a6 4. Ba4 d6 5. 0-0 Bd7 6. c3 Nge7 7. d4 Ng6 8. d5 Nb8 9. Bc2 Be7 10. c4 0-0 11. Nc3 Qc8 12. Be3 f5 13. exf5 Bxf5 14. Nd2 Bxc2 15. Qxc2 Nh4 16. Nce4 Qg4 17. Ng3 Nd7 18. h3 Qg6 19. Qxg6 Nxg6 20. Nge4 Nf4 21. Bxf4 exf4 22. Nf3 Bf6 23. Nxf6+ Rxf6 24. Rfe1 h6 25. Re2 Rf7 26. Rae1 Nc5 27. b3 Nd3 28. Rd1 Ne5 29. Nxe5 Re7 30. Rd4 Rxe5 31. Rxe5 dxe5 32. Re4 Re8 33. g4 Kf7 34. Kg2 Kf6 35. Kf3 c6 36. Re2 cxd5 37. cxd5 Rc8 38. Rd2 Ke7 39. d6+ Kd7 40. Ke4 g5 41. Kxe5 Rc5+ 42. Ke4 Rc3 43. h4 gxh4 44. Kxf4 Rc8 45. f3 Rf8+ 46. Ke3 Re8+ 47. Kf2 Re6 48. Rd3 Re5 49. a4 Rc5 50. Kg2 Rc1 51. a5 Rc5 52. Kh3 Rxa5 53. Kxh4 Re5 54. f4 Re6 55. g5 a5 56. Kh5 hxg5 57. fxg5 Re1 58. g6 Rg1 59. Rd4 b5 60. Rg4 Rh1+ 61. Kg5 Rh8 62. g7 Rg8 63. Kf6 Kxd6 64. Kf7 Ra8 65. g8Q Rxg8 66. Kxg8 Kc5 67. Kf7 b4 68. Ke6 a4 69. bxa4 b3 70. Rg3 1-0

[Event "American Continental 17th"]
[Site "Juan Dolio"]
[Date "2023.05.17"]
[Round "4"]
[White "Avila Pavas, Santiago"]
[Black "Avila Rodriguez, Joshua Ad"]
[Result "1-0"]
[WhiteElo "2522"]
[BlackElo "2240"]
[PlyCount "97"]
[EventDate "2023.05.15"]
[EventType "swiss"]
[EventRounds "11"]
[EventCountry "DOM"]
[SourceTitle "CBM 214 Extra"]
[Source "ChessBase"]
[SourceDate "2023.07.31"]
[SourceVersion "1"]
[SourceVersionDate "2023.07.31"]
[SourceQuality "1"]

1. e4 c5 2. Nf3 d6 3. d4 cxd4 4. Nxd4 Nf6 5. Nc3 a6 6. Be3 e5 7. Nb3 Be6 8. f3 h5 9. Qd2 Nbd7 10. a4 Rc8 11. a5 Be7 12. Be2 0-0 13. 0-0 Qc7 14. Rfc1 Qc6 15. Rd1 Rfd8 16. Rac1 Bc4 17. Kh1 Nf8 18. Bb6 Rd7 19. Bxc4 Qxc4 20. Qd3 Bd8 21. Be3 Ne6 22. Qxc4 Rxc4 23. Rd3 Rc8 24. Rcd1 Bc7 25. Na4 g5 26. c3 Nf4 27. R3d2 Kg7 28. Nb6 Bxb6 29. axb6 Rcd8 30. c4 Ne6 31. Na5 Kf8 32. h4 gxh4 33. Bf2 h3 34. gxh3 Ke7 35. h4 Rc8 36. Be3 Nh7 37. b4 Nhf8 38. Rd5 Rcd8 39. c5 Ke8 40. Nc4 dxc5 41. bxc5 f6 42. Nd6+ Ke7 43. Nxb7 Rxb7 44. c6 Rdb8 45. cxb7 Rxb7 46. Ra1 Nd7 47. Rxa6 Nd4 48. Bxd4 exd4 49. Ra7 1-0

[Event "Titled Tuesday intern op 14th Mar Late"]
[Site "Chess.com INT"]
[Date "2023.03.14"]
[Round "3"]
[White "Avila Pavas, Santiago"]
[Black "Lenderman, Aleksandr"]
[Result "0-1"]
[WhiteElo "2513"]
[BlackElo "2572"]
[PlyCount "108"]
[EventDate "2023.03.14"]
[EventType "swiss (blitz)"]
[EventRounds "11"]
[EventCountry "USA"]
[SourceTitle "EXT 2024"]
[Source "ChessBase"]
[SourceDate "2023.10.10"]
[SourceVersion "1"]
[SourceVersionDate "2023.10.10"]
[SourceQuality "1"]

1. d4 e6 2. Nf3 Nf6 3. Bf4 d5 4. e3 Bd6 5. Bg3 0-0 6. Nbd2 c5 7. c3 Qc7 8. Bd3 Nbd7 9. e4 cxd4 10. Nxd4 Bxg3 11. hxg3 Nc5 12. Bc2 dxe4 13. Qe2 e5 14. N4b3 Bg4 15. Qe3 Nd3+ 16. Bxd3 exd3 17. Qxd3 Rad8 18. Qe3 Bf5 19. 0-0 b6 20. Rfe1 Rfe8 21. Nf3 h6 22. Rad1 Ng4 23. Qe2 e4 24. Nfd4 Bc8 25. Nb5 Qe5 26. Rxd8 Rxd8 27. f3 Nf6 28. Nxa7 Bd7 29. Nd4 Qxg3 30. Qf2 Qd6 31. Nab5 Qc5 32. a4 exf3 33. Nxf3 Qh5 34. Re5 Qg6 35. Qxb6 Rf8 36. Nbd4 Bxa4 37. Nf5 Kh7 38. Qb4 Ra8 39. N3h4 Qg5 40. Re3 Bd1 41. Qe7 Bh5 42. Re1 Re8 43. Qxe8 Nxe8 44. Rxe8 Bg4 45. Re5 Bxf5 46. Nxf5 g6 47. b4 gxf5 48. Rc5 Qc1+ 49. Kf2 Qd2+ 50. Kf3 f4 51. Rc7 Qe3+ 52. Kg4 Kg6 53. Rc6+ f6 54. Rc5 Qg3# 0-1